000 00956nab a22002177a 4500
999 _c5737
_d5737
003 OSt
005 20260101193842.0
008 190514b xxu||||| |||| 00| 0 spa d
040 _cPJ
100 _96657
_aFeierherd, Julia
245 1 0 _aCapacidad progresiva ¿con apoyos? /
_cJulia Feierherd.
300 _ap. 129-134
500 _aCita: TR LALEY AR/DOC/3258/2024.
505 _aSumario: I. Introducción.— II. El fallo.— III. Análisis del fallo.— IV. Conclusión.
505 _aFallo comentado: CCiv., Com., Lab. y Minería, de Neuquén Sala III ~ 26/06/2024 ~ N. V. J. G. s/ medida de protección excepcional de niños y adolescentes.
650 0 _9967
_aDERECHO DE FAMILIA
650 0 _92342
_aCAPACIDAD
650 0 _91057
_aJURISPRUDENCIA APLICABLE
773 0 _02844
_93222
_dBuenos Aires : AbeledoPerrot, 1989-
_tDerecho de familia. Revista Interdisciplinaria de doctrina y jurisprudencia. Febrero 2025-I.
_z18511201
942 _2udc
_cANA